Name the NHL Team by Player - Statistics

General Stats
  • This quiz has been taken 69 times
  • The average score is 25 of 31
Answer Stats
Players Team % Correct
Johnny Gaudreau Calgary Flames
98%
Tyler Seguin Dallas Stars
95%
Nathan MacKinnon Colorado Avalanche
93%
Vladimir Tarasenko St. Louis Blues
91%
Leon Draisaitl Edmonton Oilers
90%
Alexander Ovechkin Washington Capitals
90%
David Pastrnak Boston Bruins
88%
Jeff Skinner Buffalo Sabres
86%
Dylan Larkin Detroit Red Wings
86%
Brendan Gallagher Montréal Canadiens
86%
Mika Zibanejad New York Rangers
86%
Steven Stamkos Tampa Bay Lightning
86%
John Tavares Toronto Maple Leafs
86%
Sebastian Aho Carolina Hurricanes
84%
Patrick Kane Chicago Blackhawks
84%
Anze Kopitar Los Angeles Kings
84%
Brady Tkachuk Ottawa Senators
84%
Joe Pavelski San Jose Sharks
84%
Elias Pettersson Vancouver Canucks
84%
Mark Scheifele Winnipeg Jets
84%
Anders Lee New York Islanders
83%
Jonathan Marchessault Vegas Golden Knights
83%
Jake Guentzel Pittburgh Penguins
81%
Zach Parise Minnesota Wild
78%
Sean Couturier Philadelphia Flyers
76%
Alex Galchenyuk Arizona Coyotes
71%
Jakob Silfverberg Anaheim Ducks
69%
Cam Atkinson Columbus Blue Jackets
69%
Mike Hoffman Florida Panthers
64%
Kyle Palmieri New Jersey Devils
59%
Viktor Arvidsson Nashville Predators
57%
No matching quizzes found
Score Distribution
Percent of People with Each Score
Percentile by Number Answered
Your Score History
You have not taken this quiz